| 000 | 00453nam a2200193Ia 4500 | ||
|---|---|---|---|
| 005 | 20231003091854.0 | ||
| 008 | 131103s9999 xx 000 0 und d | ||
| 020 | _c440295564 | ||
| 040 | _aLoreto College | ||
| 041 | _aEnglish | ||
| 082 |
_aF _bPLA |
||
| 100 | _aPlain,Belva | ||
| 245 |
_aHomecoming _cBelva Plain |
||
| 260 |
_aNew York _bA Dell Book _c1997 |
||
| 300 | _a249 p. | ||
| 650 | _aFiction in English | ||
| 850 | _aLCLIB | ||
| 942 | _cBK | ||
| 999 |
_c14681 _d65160 |
||